000 00677nam a22001577a 4500
003 OSt
005 20151105150414.0
008 151105b xxu||||| |||| 00| 0 eng d
040 _cRUA
082 _aFOR BAN 1999 B126 Or.1
100 _93405
_aBANN, SEREY VOUTH.
245 _aMarket and furniture producttion in chamcar morn district phnom penh city, ទីផ្សារ និងផលិតកម្មគ្រឿងសង្ហារឹម៏( តុ ទូ គ្រែ សាឡុង) ក្នុងខ័ណ្ឌចំការមន រាជធានីភ្នំពេញ
260 _aPhnom Penh
_bRUA
_c1999
300 _a49p.
_bill.
_c29cm.
942 _2ddc
_cFOR
999 _c3177
_d3177